OPTIMISING LAND TRANSPORT RESOURCES: IMPROVING FLEET MANAGEMENT USING USING COST EFFICIENCY EFFECTIVENESS

Bibliographic Details
Main Author: NOORHAFIZAN BIN A. TALIN (Author)
Format: Book
Published: Sintok, Kedah : Universiti Utara Malaysia, 2024
Subjects:
LEADER 00913cam a2200241 i 4500
001 0000150352
005 20251125090000.0
008 251015 20242024my
040 |a KPM  |b eng  |c KPM  |e rda 
090 0 0 |a 355.83  |b NOO  |c f  |d TH  |e 2024 
100 1 |a NOORHAFIZAN BIN A. TALIN  |e author 
245 1 0 |a OPTIMISING LAND TRANSPORT RESOURCES: IMPROVING FLEET MANAGEMENT USING USING COST EFFICIENCY EFFECTIVENESS  |c NOORHAFIZAN BIN A. TALIB 
264 1 |a Sintok, Kedah :  |b Universiti Utara Malaysia,  |c 2024 
300 |a xiii, 107 pages :  |b colour illustrations ;  |c 30 cm 
336 |a text  |2 rdacontent 
337 |a unmediated  |2 rdamedia 
338 |a volume  |2 rdacarrier 
504 |a Bibliography : pages 84 - 101 
650 1 0 |a Dissertation Academic  |z Malaysia 
650 1 0 |a Thesis 
650 0 |a Vehicles, Military 
852 1 |a 01 
999 |a TH0026827  |b KEMENTAH  |d THESIS  |e Thesis  |f Perpustakaan KEMENTAH  |j AVAILABLE  |q GOOD CONDITION